[Event "Euro Online U2300 Day 1"]
[Site "chess.com INT"]
[Date "2020.05.25"]
[Round "5"]
[White "Buksa, Nataliya"]
[Black "Berkovich, Mark A"]
[Result "1-0"]
[WhiteTitle "IM"]
[BlackTitle "IM"]
[WhiteElo "2410"]
[BlackElo "2326"]
[WhiteFideId "14123622"]
[BlackFideId "2801639"]
[EventDate "2020.05.25"]

1. d4 Nf6 2. Nc3 d5 3. Bf4 Bf5 4. e3 e6 5. f3 Bd6 6. Nge2 Nbd7 7. g4 Bg6 8. h4
h5 9. g5 Nh7 10. Bxd6 cxd6 11. Nf4 Nhf8 12. Bd3 Bxd3 13. Qxd3 g6 14. e4 dxe4 15.
Nxe4 Qa5+ 16. Kf2 Ke7 17. c4 Qf5 18. Ne2 Nb6 19. c5 dxc5 20. dxc5 Nd5 21. c6 1-0

[Event "Euro Online U2300 Day 1"]
[Site "chess.com INT"]
[Date "2020.05.25"]
[Round "5"]
[White "Roque, Gaetan"]
[Black "Van Vliet, Dennis"]
[Result "1-0"]
[WhiteElo "2128"]
[BlackElo "2072"]
[WhiteFideId "20666934"]
[BlackFideId "209740"]
[EventDate "2020.05.25"]

1. d4 Nf6 2. c4 e6 3. Nf3 c5 4. d5 exd5 5. cxd5 d6 6. Nc3 g6 7. h3 Bg7 8. Bf4 a6
9. a4 O-O 10. e3 Nh5 11. Bh2 f5 12. Be2 f4 13. O-O Nd7 14. Nd2 fxe3 15. fxe3 Qg5
16. Rxf8+ Bxf8 17. Bxh5 Qxe3+ 18. Kh1 gxh5 19. Nde4 Qh6 20. Qf3 Qg7 21. Rf1 Ne5
22. Bxe5 dxe5 23. Nf6+ Kh8 24. Nxh5 Bg4 25. hxg4 Qe7 26. d6 Qh4+ 27. Kg1 Bxd6
28. Ne4 Be7 29. Qf7 Rg8 30. g3 Qxg4 31. Qxe7 Qxh5 32. Rf7 Qd1+ 33. Kg2 Qc2+ 34.
Nf2 Qg6 35. Qxe5+ 1-0

[Event "Euro Online U2300 Day 1"]
[Site "chess.com INT"]
[Date "2020.05.25"]
[Round "5"]
[White "Lisin, Egor"]
[Black "Ponce Cano, Adrian"]
[Result "1/2-1/2"]
[BlackTitle "FM"]
[WhiteElo "1943"]
[BlackElo "2169"]
[WhiteFideId "34147257"]
[BlackFideId "22296913"]
[EventDate "2020.05.25"]

1. e4 c5 2. d3 e6 3. Nf3 Nc6 4. g3 d5 5. Nbd2 Bd6 6. Bg2 Nge7 7. O-O O-O 8. Nh4
b5 9. f4 a5 10. Nhf3 a4 11. a3 Ba6 12. e5 Bc7 13. Re1 Bb6 14. Nf1 b4 15. Be3 Nf5
16. Bf2 Bb7 17. g4 Nfe7 18. h4 Ng6 19. Qd2 c4 20. h5 Bxf2+ 21. Kxf2 c3 22. bxc3
bxc3 23. Qe3 d4 24. Qc1 Nge7 25. h6 g6 1/2-1/2

[Event "Euro Online U2300 Day 1"]
[Site "chess.com INT"]
[Date "2020.05.25"]
[Round "5"]
[White "Schitco, Ivan"]
[Black "Malovanyi, Yulian"]
[Result "0-1"]
[WhiteTitle "IM"]
[BlackTitle "FM"]
[WhiteElo "2467"]
[BlackElo "2311"]
[WhiteFideId "13905465"]
[BlackFideId "14171198"]
[EventDate "2020.05.25"]

1. Nf3 Nf6 2. g3 g6 3. b3 Bg7 4. Bb2 O-O 5. Bg2 d6 6. d4 c5 7. O-O Nc6 8. d5 Na5
9. Re1 e5 10. e4 b5 11. a4 a6 12. axb5 axb5 13. Nbd2 Bd7 14. Qe2 Qb6 15. Ra2 Ra7
16. Rea1 Rfa8 17. Bf1 Nb7 18. Rxa7 Rxa7 19. Qe1 Bh6 20. Bd3 Ra5 21. Bc3 Ra6 22.
Qb1 Kg7 23. Ra2 Rxa2 24. Qxa2 Ng4 25. h3 Nxf2 26. Kxf2 c4+ 27. Kg2 cxd3 28. Nf1
Qc5 29. Qb2 b4 30. Bxe5+ dxe5 31. cxd3 Qc3 0-1

[Event "Euro Online U2300 Day 1"]
[Site "chess.com INT"]
[Date "2020.05.25"]
[Round "5"]
[White "Zasukhin, Vadim"]
[Black "Bounlom, Jannik"]
[Result "1-0"]
[WhiteElo "2274"]
[BlackElo "2102"]
[WhiteFideId "4123450"]
[BlackFideId "1334930"]
[EventDate "2020.05.25"]

1. e4 c5 2. Nc3 d6 3. f4 Nc6 4. Nf3 g6 5. Bc4 Bg7 6. d3 e6 7. O-O Nge7 8. Bd2 a6
9. a4 O-O 10. Qe1 Nd4 11. Rc1 Nec6 12. Nxd4 Nxd4 13. Kh1 Bd7 14. Ne2 Nxe2 15.
Qxe2 Bxa4 16. f5 exf5 17. exf5 d5 18. f6 Bxf6 19. Bxd5 Bxb2 20. Rb1 Qxd5 21.
Rxb2 Bc6 22. Bh6 Rfe8 23. Qf2 Qh5 24. Qxf7+ 1-0

[Event "Euro Online U2300 Day 1"]
[Site "chess.com INT"]
[Date "2020.05.25"]
[Round "5"]
[White "Gheorghiu, Calin"]
[Black "Goltseva, Ekaterina"]
[Result "1/2-1/2"]
[WhiteTitle "FM"]
[BlackTitle "FM"]
[WhiteElo "2283"]
[BlackElo "2306"]
[WhiteFideId "1200305"]
[BlackFideId "24173770"]
[EventDate "2020.05.25"]

1. e4 e5 2. Nc3 Nf6 3. Nf3 Nc6 4. d4 exd4 5. Nxd4 Bb4 6. Nxc6 bxc6 7. Bd3 d5 8.
O-O O-O 9. exd5 cxd5 10. h3 c6 11. Qf3 Bd6 12. Bf4 Rb8 13. b3 Re8 14. Rfe1 Be6
15. Ne2 Rb4 16. Bxd6 Qxd6 17. Ng3 Rf4 18. Qe3 d4 19. Qd2 g6 20. Ne4 Nxe4 21.
Bxe4 Bxh3 22. Bxc6 Rxe1+ 23. Rxe1 Qxc6 24. gxh3 Qf3 25. Qe2 Qxh3 26. Qe8+ Kg7
27. Qe5+ Rf6 28. Qxd4 Qf5 29. Re7 Qxc2 30. Rxa7 Qc1+ 31. Kg2 Qg5+ 32. Kf1 Qc1+
33. Kg2 Qg5+ 34. Kf1 Qc1+ 35. Kg2 1/2-1/2

[Event "Euro Online U2300 Day 1"]
[Site "chess.com INT"]
[Date "2020.05.25"]
[Round "5"]
[White "Podetti, Davide"]
[Black "Subelj, Jan"]
[Result "1-0"]
[BlackTitle "FM"]
[WhiteElo "2173"]
[BlackElo "2408"]
[WhiteFideId "893617"]
[BlackFideId "14618583"]
[EventDate "2020.05.25"]

1. e4 e5 2. Nf3 Nc6 3. Bb5 a6 4. Ba4 Nge7 5. c3 g6 6. O-O Bg7 7. d4 b5 8. Bb3
exd4 9. cxd4 O-O 10. Nc3 d6 11. h3 Na5 12. Bc2 c5 13. dxc5 dxc5 14. Qxd8 Rxd8
15. Be3 Nc4 16. Bxc5 Nc6 17. Nd5 Be6 18. Nc7 Rac8 19. Nxe6 fxe6 20. Bb3 N6a5 21.
Bb4 Bxb2 22. Rab1 Ba3 23. Bxa5 Nxa5 24. Bxe6+ Kg7 25. Bxc8 Rxc8 26. Rfd1 Rc7 27.
Nd4 Kf6 28. Nb3 Nc4 29. Rd3 a5 30. Nxa5 Bc5 31. Nb3 Ba7 32. Rd5 Re7 33. Re1 b4
34. g3 Kg7 35. Kg2 Rc7 36. Red1 Kf6 37. Rd7 Rxd7 38. Rxd7 Bb8 39. Rd4 Ne5 40.
Rxb4 Bd6 41. Rb6 Nc4 42. Rc6 1-0

[Event "Euro Online U2300 Day 1"]
[Site "chess.com INT"]
[Date "2020.05.25"]
[Round "5"]
[White "Altarbosh, Ward"]
[Black "Bogumil, Tatiana"]
[Result "1-0"]
[WhiteTitle "FM"]
[BlackTitle "WGM"]
[WhiteElo "2234"]
[BlackElo "2182"]
[WhiteFideId "7601450"]
[BlackFideId "4110579"]
[EventDate "2020.05.25"]

1. e4 c5 2. Nf3 Nc6 3. d4 cxd4 4. Nxd4 Nf6 5. Nc3 d6 6. Bg5 e6 7. Qd2 Be7 8.
O-O-O a6 9. f4 Qc7 10. Nf3 b5 11. Bxf6 gxf6 12. f5 Na5 13. fxe6 fxe6 14. Qh6 Nc4
15. Bxc4 Qxc4 16. Qg7 Rf8 17. Qxh7 b4 18. Qh5+ Rf7 19. Nb1 Qxa2 20. Nd4 Qc4 21.
Rhf1 Bb7 22. Qg6 Rc8 23. b3 Qc5 24. Qg8+ Rf8 25. Qxe6 Qe5 26. Qg4 Bxe4 27. Qxc8+ 1-0

[Event "Euro Online U2300 Day 1"]
[Site "chess.com INT"]
[Date "2020.05.25"]
[Round "5"]
[White "Myhrvold, Rune"]
[Black "Luczak, Filip"]
[Result "0-1"]
[BlackTitle "CM"]
[WhiteElo "2231"]
[BlackElo "2240"]
[WhiteFideId "1501259"]
[BlackFideId "1193686"]
[EventDate "2020.05.25"]

1. e4 c5 2. c3 d5 3. exd5 Qxd5 4. d4 Nc6 5. Nf3 Bf5 6. Na3 cxd4 7. Nb5 O-O-O 8.
Qa4 Qe4+ 9. Be2 d3 10. Qxe4 Bxe4 11. Bd1 e5 12. O-O a6 13. Na3 Bxf3 14. Bxf3 d2
15. Bxd2 Rxd2 16. Nc4 Rd8 17. Bxc6 bxc6 18. Nxe5 Nh6 19. Nxc6 Rd6 20. Nd4 Be7
21. Nb3 Rhd8 22. g3 Bf6 23. Rfe1 Ng4 24. f4 h5 25. h3 Nh6 26. Kg2 Rd3 27. Rf1
Nf5 28. Rf3 g6 29. Raf1 Ne3+ 0-1

[Event "Euro Online U2300 Day 1"]
[Site "chess.com INT"]
[Date "2020.05.25"]
[Round "5"]
[White "Orgse, Karl Kristofer"]
[Black "Tsaruk, Maksim"]
[Result "1-0"]
[BlackTitle "FM"]
[WhiteElo "1724"]
[BlackElo "2302"]
[WhiteFideId "4506081"]
[BlackFideId "13511173"]
[EventDate "2020.05.25"]

1. e4 e6 2. d4 d5 3. Nc3 Bb4 4. e5 c5 5. a3 Bxc3+ 6. bxc3 Ne7 7. Qg4 Qa5 8. Bd2
Kf8 9. Bd3 Nbc6 10. Nf3 Qa4 11. Qh5 c4 12. Ng5 Nd8 13. Nxh7+ Kg8 14. Nf6+ gxf6
15. Qg4+ Kf8 16. exf6 Ng6 17. Bxg6 fxg6 18. Qxg6 Nf7 19. Bh6+ Ke8 20. Bg7 Rh4
21. Bh6 Rxh6 22. Qg8+ Kd7 23. Qxf7+ Kc6 24. Qe8+ Bd7 25. Qxa8 Qxc2 26. O-O Rxf6
27. Rab1 1-0

[Event "Euro Online U2300 Day 1"]
[Site "chess.com INT"]
[Date "2020.05.25"]
[Round "5"]
[White "Doluhanova, Evgeniya"]
[Black "Unneland, Mathias"]
[Result "1-0"]
[WhiteTitle "WGM"]
[WhiteElo "2229"]
[BlackElo "2146"]
[WhiteFideId "14112035"]
[BlackFideId "1525581"]
[EventDate "2020.05.25"]

1. Nf3 Nf6 2. b3 c5 3. Bb2 Nc6 4. e3 g6 5. Be2 Bg7 6. O-O O-O 7. d4 cxd4 8. Nxd4
Re8 9. Nd2 e5 10. Nxc6 bxc6 11. c4 d5 12. cxd5 cxd5 13. Rc1 Qa5 14. a3 Bf5 15.
b4 Qb6 16. Nf3 e4 17. Nd4 Bd7 18. Qb3 h5 19. a4 a5 20. b5 h4 21. Nc6 Rac8 22.
Bd4 Qb7 23. Nxa5 Qb8 24. Bxf6 Bxf6 25. Qxd5 Qa7 26. Nc6 Qxa4 27. Qxd7 1-0

[Event "Euro Online U2300 Day 1"]
[Site "chess.com INT"]
[Date "2020.05.25"]
[Round "5"]
[White "Stoinev, Metodi"]
[Black "Krallis, Christos"]
[Result "0-1"]
[WhiteElo "2202"]
[BlackElo "2284"]
[WhiteFideId "2901404"]
[BlackFideId "4298896"]
[EventDate "2020.05.25"]

1. e4 e5 2. Nf3 Nc6 3. Nc3 Nf6 4. Bb5 Bd6 5. a3 O-O 6. d3 Ne7 7. g4 c6 8. Bc4
Bc7 9. g5 Ne8 10. Rg1 d5 11. Bb3 Be6 12. Bd2 Nd6 13. Nxe5 Nxe4 14. Nxc6 Nxc6 15.
dxe4 dxe4 16. Bxe6 fxe6 17. Be3 Ne5 18. Qxd8 Nf3+ 19. Kf1 Raxd8 20. Rg2 Bf4 21.
Bc5 Rf5 22. Bxa7 Nxh2+ 23. Kg1 Nf3+ 24. Kf1 Nd2+ 25. Ke2 Nc4 26. Nxe4 Re5 27. f3
Rd2+ 28. Kf1 Ne3+ 29. Ke1 Rxg2 0-1

[Event "Euro Online U2300 Day 1"]
[Site "chess.com INT"]
[Date "2020.05.25"]
[Round "5"]
[White "Green, Andrew D"]
[Black "Paulauskas, Andrius"]
[Result "1-0"]
[WhiteTitle "CM"]
[WhiteElo "2154"]
[BlackElo "1904"]
[WhiteFideId "2401762"]
[BlackFideId "12807346"]
[EventDate "2020.05.25"]

1. e4 e6 2. Nf3 d5 3. Nc3 Nf6 4. e5 Nfd7 5. d4 c5 6. dxc5 Nc6 7. Bf4 Nxc5 8. a3
a5 9. Be2 Ne4 10. Nxe4 dxe4 11. Qxd8+ Nxd8 12. Nd2 f5 13. exf6 gxf6 14. Nxe4 Bg7
15. Bh5+ Ke7 16. Bd6+ Kd7 17. O-O-O Kc6 18. Be7 f5 19. Nf6 e5 20. Bxd8 Rxd8 21.
Rxd8 Bxf6 22. Rf8 Be7 23. Rh8 Bf6 24. Rg8 e4 25. Rd1 b5 26. Bf7 Ra7 27. Rxc8+
Kb6 28. Be6 b4 29. a4 Re7 30. Bxf5 e3 31. fxe3 Rxe3 32. Rd6+ Kb7 33. Rxf6 Re2
34. Rf7+ Kb6 35. Rb8+ Kc5 36. Rb5+ Kd4 37. Rd7+ Ke3 38. Re5+ Kf2 39. Rxe2+ Kg1
40. g4 b3 41. Rd1# 1-0

[Event "Euro Online U2300 Day 1"]
[Site "chess.com INT"]
[Date "2020.05.25"]
[Round "5"]
[White "Radosevic, Nenad"]
[Black "Malczyk, Jakub"]
[Result "1-0"]
[WhiteElo "2157"]
[BlackElo "2024"]
[WhiteFideId "906395"]
[BlackFideId "1130854"]
[EventDate "2020.05.25"]

1. d4 d5 2. Nf3 c6 3. c4 e6 4. Nc3 f5 5. Bg5 Nf6 6. h4 Be7 7. e3 Nbd7 8. Bd3 Ne4
9. Qc2 Nxg5 10. hxg5 Bxg5 11. g4 fxg4 12. Bxh7 gxf3 13. Qg6+ Kf8 14. Rh5 Bf6 15.
O-O-O Ke7 16. e4 Nf8 17. Qg3 Rxh7 18. Rxh7 Nxh7 19. e5 Bg5+ 20. Kb1 b5 21. Rh1
Qg8 22. cxb5 cxb5 23. Nxb5 Ba6 24. Nc3 Bd3+ 25. Ka1 Bd2 26. Qxf3 Bxc3 27. Qxd3
Bxb2+ 28. Kxb2 Qb8+ 29. Ka1 Nf8 30. Qa3+ Kf7 31. Rh8 Qb5 32. Qf3+ Ke7 33. Qa3+
Kf7 34. Qf3+ Ke7 35. Qg2 Rb8 36. Qxg7+ 1-0

[Event "Euro Online U2300 Day 1"]
[Site "chess.com INT"]
[Date "2020.05.25"]
[Round "5"]
[White "Petrovic, Zvonko"]
[Black "Khodko, Yurii N."]
[Result "0-1"]
[WhiteTitle "FM"]
[WhiteElo "2145"]
[BlackElo "2048"]
[WhiteFideId "14500914"]
[BlackFideId "24264717"]
[EventDate "2020.05.25"]

1. Nf3 Nf6 2. g3 g6 3. Bg2 Bg7 4. O-O O-O 5. d4 d6 6. c4 Nc6 7. Nc3 a6 8. e4 Bg4
9. h3 Bxf3 10. Bxf3 e5 11. d5 Nd4 12. Bg2 c5 13. dxc6 bxc6 14. c5 d5 15. exd5
Nxd5 16. Nxd5 cxd5 17. Be3 Qd7 18. Rc1 Rfd8 19. f4 Nc6 20. Qa4 e4 21. Rfd1 f5
22. b4 d4 23. Bf2 Kh8 24. Kh2 Qb7 25. a3 Qb5 26. Qb3 a5 27. Bf1 d3 28. Rc4 axb4
29. axb4 Na5 0-1

[Event "Euro Online U2300 Day 1"]
[Site "chess.com INT"]
[Date "2020.05.25"]
[Round "5"]
[White "Nemkova, Ljubov"]
[Black "Stoyanov, Viktor"]
[Result "1-0"]
[WhiteTitle "WFM"]
[WhiteElo "2172"]
[BlackElo "2240"]
[WhiteFideId "4180070"]
[BlackFideId "450308"]
[EventDate "2020.05.25"]

1. d4 Nf6 2. Nf3 g6 3. Bg5 Bg7 4. Nbd2 O-O 5. e4 d5 6. exd5 Nxd5 7. c3 c5 8.
dxc5 Nd7 9. Nb3 N5f6 10. Bc4 Qc7 11. O-O Nxc5 12. Re1 b6 13. Qe2 e6 14. Qe5 Qxe5
15. Nxe5 Na4 16. Bb5 Nc5 17. h3 Bb7 18. Nxc5 bxc5 19. Bxf6 Bxf6 20. Nd7 Be7 21.
Nxf8 Kxf8 22. Rad1 Bd5 23. c4 Bb7 24. Rd7 Bc8 25. Rd3 Rb8 26. Red1 a6 27. Bc6
Bb7 28. Bxb7 Rxb7 29. b3 Ke8 30. f4 a5 31. g4 h6 32. Kf2 Rb4 33. Kf3 a4 34. Re1
axb3 35. axb3 Bf6 36. f5 Ke7 37. fxg6 fxg6 38. Rde3 e5 39. Rd3 Ke6 40. Ke4 Bg5
41. Ra1 Rb6 42. Ra8 Bf4 43. Rc8 Kf6 44. Rxc5 Kg5 45. Rcd5 Kh4 46. Rb5 Rf6 47. c5
Bg3 48. Rb6 Rf4+ 49. Kd5 e4 50. Rd1 Bf2 51. Ke5 Rf3 52. Kxe4 Rxh3 53. Rxg6 Re3+
54. Kf4 Kh3 55. Rxh6+ Kg2 56. Rb6 Rc3 57. b4 Rc4+ 58. Kf5 Kf3 59. Rf6 Bh4 60. g5
Rxb4 61. Kg6+ Ke4 62. c6 Rc4 63. Re6+ Kf4 64. Rd5 Kg4 65. Rde5 Kf4 66. Re4+ Rxe4
67. Rxe4+ Kxe4 68. c7 1-0

[Event "Euro Online U2300 Day 1"]
[Site "chess.com INT"]
[Date "2020.05.25"]
[Round "5"]
[White "Juknis, Paulius"]
[Black "Melia, Salome"]
[Result "0-1"]
[BlackTitle "IM"]
[WhiteElo "2127"]
[BlackElo "2370"]
[WhiteFideId "12802247"]
[BlackFideId "13602446"]
[EventDate "2020.05.25"]

1. d4 d5 2. Nf3 g6 3. c4 e6 4. g3 Bg7 5. Bg2 Ne7 6. O-O O-O 7. Qc2 Nbc6 8. Rd1
b6 9. e3 a5 10. b3 Bb7 11. Ba3 Re8 12. Nc3 Nb4 13. Qe2 Nf5 14. Bb2 Qe7 15. a3
Na6 16. Rac1 Rad8 17. Ne5 f6 18. Nf3 h5 19. h4 Bh6 20. Rc2 dxc4 21. bxc4 c5 22.
Nb5 cxd4 23. exd4 Nc7 24. Nxc7 Qxc7 25. c5 Bd5 26. Qb5 bxc5 27. Qxc5 Qb7 28. Ne1
Bxg2 29. d5 Rc8 30. Qxc8 0-1

[Event "Euro Online U2300 Day 1"]
[Site "chess.com INT"]
[Date "2020.05.25"]
[Round "5"]
[White "Sergeev, Nikita S."]
[Black "Le Goff, Ronan"]
[Result "1-0"]
[BlackTitle "FM"]
[WhiteElo "1335"]
[BlackElo "2267"]
[WhiteFideId "34253670"]
[BlackFideId "612073"]
[EventDate "2020.05.25"]

1. d4 d5 2. Nf3 Nf6 3. Bf4 e6 4. e3 Bd6 5. Bg3 O-O 6. Bd3 c5 7. c3 Nc6 8. Nbd2
b6 9. O-O Bb7 10. Re1 Re8 11. Bxd6 Qxd6 12. e4 dxe4 13. Nxe4 Nxe4 14. Bxe4 f5
15. Bc2 cxd4 16. Ng5 Ne5 17. Qxd4 Qxd4 18. cxd4 Rac8 19. Ba4 Bc6 20. Bb3 Nf7 21.
Bxe6 Rxe6 22. Nxe6 h6 23. Nf4 Rd8 24. Rad1 Be4 25. f3 Bd5 26. Nxd5 Rxd5 27. Kf2
Nd6 28. Re5 1-0

[Event "Euro Online U2300 Day 1"]
[Site "chess.com INT"]
[Date "2020.05.25"]
[Round "5"]
[White "Hryzlova, Sofiia"]
[Black "Bin-Nun, Peleg"]
[Result "1-0"]
[WhiteElo "1940"]
[BlackElo "2004"]
[WhiteFideId "14174669"]
[BlackFideId "2802660"]
[EventDate "2020.05.25"]

1. c4 Nf6 2. Nc3 g6 3. e4 d6 4. d4 Bg7 5. h3 O-O 6. Be3 e5 7. d5 Nh5 8. Be2 Nf4
9. Bf3 g5 10. g3 Ng6 11. Bh5 f5 12. exf5 Bxf5 13. Qd2 Bf6 14. Nf3 e4 15. Nxg5
Bxc3 16. Qxc3 Ne5 17. O-O-O Qf6 18. g4 Bd7 19. Nxe4 Qf3 20. Ng3 Na6 21. g5 Qg2
22. Rdg1 1-0

[Event "Euro Online U2300 Day 1"]
[Site "chess.com INT"]
[Date "2020.05.25"]
[Round "5"]
[White "Jaroch, Pawel"]
[Black "Baranow, Sergey"]
[Result "1-0"]
[WhiteElo "2199"]
[BlackElo "2192"]
[WhiteFideId "1124366"]
[BlackFideId "24155055"]
[EventDate "2020.05.25"]

1. d4 d5 2. c4 e6 3. Nf3 Nf6 4. g3 Bb4+ 5. Bd2 Bxd2+ 6. Nbxd2 O-O 7. Bg2 b6 8.
O-O Bb7 9. Qc2 dxc4 10. Nxc4 Nbd7 11. Rfd1 Qe7 12. Nfe5 Bxg2 13. Kxg2 Nxe5 14.
Nxe5 c5 15. dxc5 bxc5 16. Nc6 Qb7 17. Qxc5 Qxb2 18. Qc4 Nd5 19. Rab1 Qc3 20.
Rdc1 Qd2 21. Rc2 Qh6 22. e4 Nb6 23. Qb3 Kh8 24. a4 Qg6 25. a5 Nd7 26. Qd3 Nf6
27. f3 a6 28. Rb6 Nd5 29. Kh1 Nxb6 30. axb6 h6 31. b7 Rae8 32. Rb2 Qg5 33. Qc3
f5 34. e5 f4 35. Kg2 fxg3 36. hxg3 h5 37. b8=Q Rxb8 38. Rxb8 Rxb8 39. Nxb8 h4
40. g4 Qf4 41. Nd7 Qg3+ 42. Kf1 h3 43. Qc8+ Kh7 44. Nf8+ Kg8 45. Nxe6+ Kh7 46.
Ng5+ 1-0

[Event "Euro Online U2300 Day 1"]
[Site "chess.com INT"]
[Date "2020.05.25"]
[Round "5"]
[White "Patrascu, Catalin-Lucian"]
[Black "Kacprzak, Karol"]
[Result "1-0"]
[WhiteTitle "FM"]
[WhiteElo "2320"]
[BlackElo "1988"]
[WhiteFideId "1229052"]
[BlackFideId "21819327"]
[EventDate "2020.05.25"]

1. c4 Nf6 2. Nc3 c5 3. g3 d5 4. cxd5 Nxd5 5. Bg2 Nc7 6. a3 e5 7. b4 cxb4 8. axb4
Nc6 9. Nf3 Bxb4 10. Nxe5 Bd7 11. Nxc6 bxc6 12. Ba3 a5 13. O-O O-O 14. Qc2 Rb8
15. Bb2 Re8 16. d3 c5 17. Ne4 Ne6 18. Nd6 Rf8 19. Qc4 Qf6 20. Bxf6 1-0

[Event "Euro Online U2300 Day 1"]
[Site "chess.com INT"]
[Date "2020.05.25"]
[Round "5"]
[White "Guindy, Esmat Susanne"]
[Black "Prinz, Hubert"]
[Result "1-0"]
[WhiteTitle "WFM"]
[WhiteElo "2131"]
[BlackElo "1956"]
[WhiteFideId "1401637"]
[BlackFideId "1639447"]
[EventDate "2020.05.25"]

1. d4 Nf6 2. c4 g6 3. g3 d5 4. Bg2 e6 5. Nc3 Bg7 6. Nf3 O-O 7. cxd5 Nxd5 8. e4
Nxc3 9. bxc3 c5 10. Be3 cxd4 11. cxd4 Qa5+ 12. Qd2 Qa6 13. Qe2 Qa5+ 14. Bd2 Qa4
15. Bc3 b6 16. O-O Ba6 17. Qd1 Qa3 18. Qb3 Qxb3 19. axb3 Bxf1 20. Kxf1 Nd7 21.
Bb4 Rfc8 22. e5 a5 23. Bd6 Rc3 24. Nd2 Rac8 25. Ke2 Bf8 26. Bb7 Rc1 27. Bxc8
Rxa1 28. Bxd7 Ra2 29. f4 h6 30. Bb5 g5 31. Bc4 Ra1 32. d5 exd5 33. Bxd5 gxf4 34.
gxf4 h5 35. f5 Bh6 36. e6 fxe6 37. fxe6 Ra2 38. e7+ Kh7 39. e8=Q Rxd2+ 40. Ke1
Rxd5 41. Qf7+ Bg7 42. Qxd5 a4 43. Qxh5+ Kg8 44. bxa4 Bc3+ 45. Ke2 b5 46. Qe8+
Kh7 47. Qf7+ Kh8 48. axb5 Bd4 49. b6 Bg7 50. b7 Kh7 51. Be5 Kh6 52. Bxg7+ Kg5
53. Qf6+ Kh5 54. b8=Q Kg4 55. Qg3+ Kh5 56. Qgh4# 1-0

[Event "Euro Online U2300 Day 1"]
[Site "chess.com INT"]
[Date "2020.05.25"]
[Round "5"]
[White "Randazzo, Adrian"]
[Black "Budrewicz, Krzysztof"]
[Result "1-0"]
[WhiteTitle "FM"]
[WhiteElo "2293"]
[BlackElo "2227"]
[WhiteFideId "114251"]
[BlackFideId "1127950"]
[EventDate "2020.05.25"]

1. e4 c5 2. Nf3 e6 3. d4 cxd4 4. Nxd4 Nc6 5. Nb3 Nf6 6. Nc3 Bb4 7. Bd3 d5 8.
exd5 exd5 9. O-O O-O 10. Bg5 Be6 11. Ne2 h6 12. Bh4 Be7 13. Ned4 Rc8 14. Nxe6
fxe6 15. Qe2 Qd7 16. c3 e5 17. Bc2 b6 18. Rad1 Rcd8 19. Rfe1 Rfe8 20. c4 d4 21.
Bxf6 Bxf6 22. Qe4 Ne7 23. Qh7+ Kf8 24. c5 Qd5 25. Nxd4 exd4 26. Bb3 Qxb3 27.
axb3 bxc5 28. Qd3 Rd5 29. Ra1 Rd7 30. Ra5 Rc8 31. Rc1 Rdc7 32. Rca1 c4 33. bxc4
Rxc4 34. g3 Rc1+ 35. Rxc1 Rxc1+ 36. Kg2 Nc6 37. Ra6 Rc5 38. Qa3 Be7 39. Qf3+ 1-0

[Event "Euro Online U2300 Day 1"]
[Site "chess.com INT"]
[Date "2020.05.25"]
[Round "5"]
[White "Labruyere, Roger"]
[Black "Vakhania, Aleksandra"]
[Result "0-1"]
[BlackTitle "WIM"]
[WhiteElo "2045"]
[BlackElo "2138"]
[WhiteFideId "1059505"]
[BlackFideId "13602560"]
[EventDate "2020.05.25"]

1. e4 c6 2. d4 d5 3. e5 g6 4. f4 h5 5. Nf3 Nh6 6. Bd3 Bf5 7. c3 e6 8. O-O Be7 9.
Qe2 c5 10. Be3 c4 11. Bc2 Nc6 12. a4 Bxc2 13. Qxc2 Nf5 14. Bf2 Na5 15. Nbd2 Kf8
16. b4 cxb3 17. Nxb3 Kg7 18. Rfb1 Nc4 19. Nbd2 Nxd2 20. Qxd2 Qc7 21. a5 b5 22.
Rxb5 Rhc8 23. Rb3 Rab8 24. Rxb8 Rxb8 25. h3 h4 26. Qe1 Rb2 27. Rc1 Qxa5 28. Nxh4
Bxh4 29. Bxh4 Qa2 30. Bf6+ Kh7 31. Ra1 Rxg2+ 32. Kf1 Ng3+ 33. Qxg3 Qe2# 0-1

[Event "Euro Online U2300 Day 1"]
[Site "chess.com INT"]
[Date "2020.05.25"]
[Round "5"]
[White "Sorin, Michael"]
[Black "Vanek, Tomas"]
[Result "0-1"]
[BlackTitle "FM"]
[WhiteElo "2219"]
[BlackElo "2080"]
[WhiteFideId "2805030"]
[BlackFideId "313459"]
[EventDate "2020.05.25"]

1. Nf3 f5 2. d3 Nf6 3. e4 d6 4. exf5 Bxf5 5. d4 c5 6. Bd3 e6 7. Bxf5 exf5 8. O-O
Be7 9. Qd3 Ne4 10. Nbd2 d5 11. dxc5 Bxc5 12. c4 O-O 13. cxd5 Na6 14. Nxe4 fxe4
15. Qxe4 Qd6 16. a3 Rae8 17. Qc4 Bb6 18. Bg5 Nc5 19. Rad1 Ne4 20. Bh4 Rf4 21.
Qb5 Ref8 22. Bg3 Nxg3 23. hxg3 Rxf3 24. Rd3 Bxf2+ 0-1

[Event "Euro Online U2300 Day 1"]
[Site "chess.com INT"]
[Date "2020.05.25"]
[Round "5"]
[White "Megalios, Konstantinos"]
[Black "Risteski, Emil"]
[Result "1-0"]
[WhiteTitle "IM"]
[WhiteElo "2401"]
[BlackElo "2159"]
[WhiteFideId "4238044"]
[BlackFideId "15005267"]
[EventDate "2020.05.25"]

1. d4 Nf6 2. c4 g6 3. Nc3 Bg7 4. e4 d6 5. Nf3 O-O 6. Be2 Na6 7. O-O e5 8. d5 Nc5
9. Qc2 a5 10. Bg5 h6 11. Be3 Nfd7 12. Nd2 f5 13. f3 h5 14. b3 Kh7 15. exf5 gxf5
16. f4 Qe8 17. Rae1 e4 18. Nb5 Nf6 19. Nxc7 Qd8 20. Nxa8 Bd7 21. Rf2 Qxa8 22.
Nf1 Ng4 23. Bxg4 hxg4 24. Rd2 Rc8 25. Bd4 Bxd4+ 26. Rxd4 Qa7 27. Qf2 Kg6 28. Rd2
b5 29. Qd4 b4 30. Ne3 Rc7 31. h3 gxh3 32. gxh3 Nd3 33. Rg2+ Kf7 34. Qg7+ Ke8 35.
Qg8+ Ke7 36. Rg7+ 1-0